000 00472nam a2200193 a 4500
001 1772625971092
003 YourLibrary
005 20260304173722.0
008 260304s2007##################000#0#eng##
020 _a9780415418690
082 0 4 _a327.7304
_bALL
100 1 _aAllin, Dana H.,
_eauthor.
245 1 0 _aRepairing the Damage :
260 _c2007.
300 _a108 pages
650 0 _aHistory.
942 _cENGLISH
040 _aYourLibrary
_beng
_cYourLibrary
999 _c616834
_d616834